000 00990 a2200205 4500
001 57778
005 20260407155838.0
008 260407a1974 arg spa d
003 AR-UNSa-BCEJYS
040 _aAR-UNSa-BCEJYS
_bspa
_cAR-UNSa-BCEJYS
080 _a347.453
_xAlquiler. Arrendamiento (Locaciones urbanas)
245 1 0 _aLa locación urbana en la Ley 20.625
264 1 _aBuenos Aires :
_bEDIAR
_c1974
300 _a341 p.
_c23 cm.
505 _a1. Ámbito de aplicación y exclusiones – 2. Régimen de precios – 3. Continuadores de la locación – 4. Desalojo por falta de pago – 5. Disposiciones procesales – 6. Opción de compra – 7. Del seguro obligatorio de garantía – 8. Disposiciones transitorias – 9. Alcance de aplicación – 10. Competencia de aplicación administrativa – 11. Vigencia – 12. Facultades de interpretación judicial
041 _aspa
942 _cBK
590 _aniveau_biblio:m niveau_hierar:0
100 1 _aClavell Borrás, Javier
999 _c6290
_d6290